| 000 | 00378nam a22001577a 4500 | ||
|---|---|---|---|
| 003 | OSt | ||
| 005 | 20211011155150.0 | ||
| 008 | 211011b |||||||| |||| 00| 0 eng d | ||
| 040 | _cHU | ||
| 082 | _a530/GIA | ||
| 100 |
_aGIANCOLI _qDOUGLAS C.GIANCOLI _912508 |
||
| 245 | _aPHYSICS FOR SCIENTISTS AND ENGINEERS | ||
| 260 | _aNEW JERSEY | ||
| 300 | _a331 | ||
| 942 |
_2ddc _cBOOKS _n0 |
||
| 999 |
_c11564 _d11564 |
||